000 00442nam a22001697a 4500
003 OSt
005 20220207112033.0
008 220207b |||||||| |||| 00| 0 eng d
020 _a978-0-7506-8896-3
040 _aDDC
_cHU
082 _23RD
_a617.7
_b1
100 _aELLIOTT DAVID B.
_929798
245 _aCLINICAL ROCEDURES IN PRIMARY EYE CARE
250 _a1ST
260 _aLONDON
_bBUTTERWORTH HEINEMANN
_c2007
942 _2ddc
_cBOOKS
_n0
999 _c29368
_d29368